书目信息 |
| 题名: |
白话注解四书
|
|
| 作者: | 吴陵 , 王纾运 , 天恨述解 | |
| 分册: | ||
| 出版信息: | 西安 陕西人民出版社 1991.07 |
|
| 页数: | 418页 | |
| 开本: | 19cm | |
| 丛书名: | 中国传统语言文化普及丛书 | |
| 单 册: | ||
| 中图分类: | B222.12 | |
| 科图分类: | ||
| 主题词: | 四书--注释 | |
| 电子资源: | ||
| ISBN: | 7-224-01748-5 | |
| 000 | 00796nam0 2200253 45 | |
| 001 | 0505190887 | |
| 005 | 20050519141929.0 | |
| 010 | @a7-224-01748-5@dCNY5.00 | |
| 100 | @a20050519d1991 km y0chiy0120 ea | |
| 101 | 0 | @achi |
| 105 | @a z 000yy | |
| 200 | 1 | @a白话注解四书@ABai Hua Zhu Jie Si Shu@f吴陵,王纾运,天恨述解@FWu Ling,Wang Shu Yun,Tian Hen Shu Jie |
| 210 | @a西安@c陕西人民出版社@d1991.07 | |
| 215 | @a418页@d19cm | |
| 225 | @a中国传统语言文化普及丛书@f杨春霖,郗政民主编 | |
| 410 | @12001 @a中国传统语言文化普及丛书 | |
| 410 | @1700 0@a郗政民@AXi Zheng Min@4主编@a杨春霖@AYang Chun Lin@4主编 | |
| 606 | 0 | @a四书@x注释 |
| 690 | @aB222.12@v3 | |
| 701 | 0 | @a吴陵 |
| 701 | 0 | @a王纾运 |
| 701 | 0 | @a天恨述解 |
| 801 | @aCN@bPftUser@c20050519 | |
| 905 | @f1@b256686@dB222.12@e137 | |
| 白话注解四书/吴陵,王纾运,天恨述解.-西安:陕西人民出版社,1991.07 |
| 418页;19cm.-(中国传统语言文化普及丛书/杨春霖,郗政民主编) |
| ISBN 7-224-01748-5:CNY5.00 |
| ● |
| 相关链接 |
|
|
|
|
正题名:白话注解四书
索取号:B222.12/137
 
预约/预借
| 序号 | 登录号 | 条形码 | 馆藏地/架位号 | 状态 | 备注 |
| 1 | 0256686 | 000507017 | 第一样本阅览室/ [索取号:B222.12/137] | 在馆 |